000 01381namaa22003131i 4500
005 20260521105454.0
008 260521s1994 ua a|||frm||| 000 0 eng d
040 _aEG-GICUC
_beng
_cEG-GICUC
_dEG-GICUC
_erda
041 0 _aeng
_beng
_bara
049 _aDeposit
097 _aM.Sc
099 _aCai01.11.28.M.Sc.1994.Ni.N
100 0 _aNivine Mohamed Abdel Monem El Enbaby,
_epreparation.
245 1 0 _aNutrition In the preterm and low birth weight infants and its relation to growth and development /
_cBy Nivine Mohamed Abdel Monem El Enbaby ; Supervisors prof. Dr. Soad Eshak, Prof. Dr. Nargis Labib
246 1 5 _aالتغذية في الاطفال المبتسرين وعلاقتها بالنمو والتطور
264 0 _c1994.
300 _a172 Leaves
_billustrations
_c30 cm. +
336 _2rda content
_atext
337 _2rdamedia
_aUnmediated
338 _2rdacarrier
_avolume
502 _aThesis (M.Sc.)-Cairo University, 1994
504 _aBibliography: pages 143-172
653 0 _aNutrition In the preterm
_alow birth weight infants
_alow birth weight infants and its relation to growth and development
700 0 _aSoad Eshak
_ethesis advisor.
700 0 _aNargis Labib
_ethesis advisor.
900 _DDepartment of Pediatrics
_FFaculty of Medicine
_UCairo University
_b1994
_cSoad Eshak
_cNargis Labib
905 _aNehad
942 _2ddc
_cTH
_e21
_n0
999 _c180247